Statistiques concernant Les 20 préfectures les plus proches d'Arras

Cliquez ici pour prendre le quiz!

Statistiques générales

  • Ce quiz a été pris 145 fois
  • Le résultat moyen est 14 sur 20

Statistiques - réponses

distance (en km)ville préfecture% Correct
43Lille
98%
163Paris
97%
56Amiens
92%
153Rouen
86%
257Caen
78%
101Laon
78%
108beauvais
77%
172Versailles
73%
150Charleville-Mezières
71%
148Cergy-Pontoise
68%
241.1Troyes
68%
183Evreux
67%
195Melun
67%
156Bobigny
65%
187.45Chalons en Champagne
65%
170Creteil
65%
161Nanterre
63%
186.53Evry-Courcouronnes
59%
241.47Bar le Duc
53%
226Chartres
50%

Distribution des résultats

Percentile par nombre de réponses

% des personnes avec chaque résultat

Votre développement - résultats

Vous n’avez pas pris ce quiz